000
00247nam a22001097a 4500
999
_c
260958
_d
260957
020
_a
9780439857970
100
_a
Megan McDonald
245
_a
Judy Moody Declares Independence
260
_a
New York
_b
Scholastic
300
_a
144 pgs
942
_c
BK